000 00670nam a22002297a 4500
003 DO-SdBPM
005 20250523111745.0
008 161205b20uu sp a 00| 0 spa d
020 _a8430571256
040 _aDO-SdBPM
_bspa
_cBPMSU
_erda
082 4 _a808.83
_bM211o
_222
245 1 0 _aEl mago de OZ
_c
_b
260 _aMadrid :
_bSusaeta Ediciones ,
_c[200-?]
300 _a[16] p. :
_bil.,;
_c29 cm.
490 0 _aArlequín
_v
500 _3Promoviendo los valores para la niñez
590 _aInventariado, 2025/VM
650 4 _aCuentos infantiles
650 4 _aLibros ilustrados para niños
910 _aVMateo V. Control de calidad. BPMSU
942 _2ddc
_cBK
999 _c15098
_d15098